| 000 | 01316cam a2200241 4500 | ||
|---|---|---|---|
| 001 | ##L134408 | ||
| 008 | 060803n2006 000 0 eng u | ||
| 020 | _a1905257082 | ||
| 035 | _a(Sirsi) u134408 | ||
| 041 | 0 | _aeng | |
| 050 | 0 | 4 | _a333.332 $2 18 |
| 100 | 1 | _aWagstaff, Michael | |
| 245 | 0 | 0 | _aMortgage lenders, HIPs and future of valuations |
| 260 |
_aLondon _bCML _c2006 |
||
| 520 | _aProvides an overview of problems within the homebuying and selling process, an examination of the impact of Home Information Packs (HIPs) and an assessment of valuation practices after the introduction of HIPs. Makes recommendations including that government should recognise that the full benefits of HIPs, particularly from the lending perspective, may not be enjoyed until several years after implementation because of the lateness of technical standards and the resultant delay in investment in systems. Charts and tables. References. | ||
| 590 | _aIKA010806 | ||
| 650 | 2 | 4 | _aHOUSING ACT 2004 PART V |
| 651 | 4 |
_aEngland and Wales _y1543- |
|
| 690 | _aPROPERTY-RESIDENTIAL PROPERTY-ACQUISITION AND DISPOSAL OF RESIDENTIAL PROPERTY-HOME BUYING REFORM | ||
| 700 | 1 | _aPannell, Bob | |
| 856 | 4 | 0 |
_uhttps://www.cml.org.uk/cml/publications/research _zView the research free of charge at www.cml.org.uk... |
| 942 | _n0 | ||
| 999 |
_c105663 _d105663 |
||